Fo zai ren jian /

Saved in:
Bibliographic Details
Main Author: Yinshun.
Format: Book
Language:Chinese
Published: [Xinzhu : Fu yan jing she lu tong, Min guo 60 i.e. 1971]
Series:Miao yun ji xia bian ; 1
Subjects:
Tags: Add Tag
No Tags, Be the first to tag this record!
LEADER 00806cam a2200253 i 4500
001 007745799-4
005 20024617105648.0
008 930728s1971 ch 000 0 chi
010 |a 72837765 /C 
035 0 |a ocm28972847 
040 |a DLC  |c NNC-EA  |d NIC  |d *YNH*  |d CStRLIN 
050 0 |a BQ4055  |b .Y5 
100 0 |6 880-01  |a Yinshun. 
245 1 0 |6 880-02  |a Fo zai ren jian /  |c zuo zhe Yinshun. 
260 |6 880-03  |a [Xinzhu :  |b Fu yan jing she lu tong,  |c Min guo 60 i.e. 1971] 
300 |a 6, 350 p. ;  |c 21 cm. 
490 0 |6 880-04  |a Miao yun ji xia bian ;  |v 1 
650 0 |a Buddhism. 
880 0 |6 100-01  |a 印順. 
880 1 0 |6 245-02  |a 佛在人間 /  |c 作著 印順. 
880 |6 260-03  |a [新竹 :  |b 福嚴精舍流通,  |c 民國60 i.e. 1971] 
880 0 |6 490-04  |a 妙雲集下編 ;  |v 1 
988 |a 20021103 
906 |0 DLC